[Event "CYCC U18"]
[Site "Quebec CAN"]
[Date "2018.07.04"]
[Round "6.6"]
[White "Puri, Aryan"]
[Black "Johnson, Damian"]
[Result "0-1"]
[WhiteElo "964"]
[BlackElo "955"]
[PlyCount "66"]
[EventDate "2018.07.02"]
[EventType "swiss"]
[EventRounds "7"]
[EventCountry "CAN"]

1. e4 e5 2. f4 Nc6 3. Nf3 d6 4. Bb5 Bg4 5. Nc3 Nf6 6. d3 Bxf3 7. Qxf3 Be7 8.
Bd2 O-O 9. O-O-O Nd4 10. Qf2 a6 11. Bc4 b5 12. Bd5 c6 13. Bb3 Nxb3+ 14. cxb3 d5
15. fxe5 Ng4 16. Qg3 Qd7 17. h3 d4 18. hxg4 dxc3 19. bxc3 Ba3+ 20. Kb1 Rfe8 21.
Qh4 Qxd3+ 22. Ka1 Qxe4 23. Bc1 Bxc1 24. Rxc1 h6 25. Rce1 Qxg2 26. Reg1 Qd2 27.
Rh3 Rxe5 28. Qg3 Rae8 29. Rhh1 Re3 30. Qh4 Qxc3+ 31. Kb1 Re2 32. Rh2 Qc2+ 33.
Ka1 Qb2# 0-1

[Event "CYCC U18"]
[Site "Quebec CAN"]
[Date "2018.07.05"]
[Round "7.1"]
[White "Turgeon, Yoakim"]
[Black "Colvin, Andrew"]
[Result "0-1"]
[WhiteElo "1842"]
[BlackElo "2077"]
[PlyCount "86"]
[EventDate "2018.07.02"]
[EventType "swiss"]
[EventRounds "7"]
[EventCountry "CAN"]

1. d4 d5 2. e3 Nf6 3. Bd3 c5 4. c3 Nc6 5. f4 cxd4 6. exd4 g6 7. Nf3 Bf5 8. Bxf5
gxf5 9. Ne5 e6 10. Nd2 Bd6 11. Qf3 Qe7 12. Nf1 O-O-O 13. Be3 Ne4 14. Nxc6 bxc6
15. Nd2 Rdg8 16. Nxe4 fxe4 17. Qe2 f5 18. Kd2 Qb7 19. Rhb1 Qb5 20. Qxb5 cxb5
21. g3 h5 22. a4 b4 23. Rc1 Kb7 24. cxb4 Bxb4+ 25. Ke2 a5 26. Bd2 Bxd2 27. Kxd2
h4 28. Ra3 hxg3 29. Rb3+ Ka8 30. hxg3 Rh2+ 31. Kd1 Rh1+ 32. Kd2 Rh2+ 33. Kd1
Rgh8 34. Rb5 Rh1+ 35. Kc2 Rc8+ 36. Rc5 Rxc1+ 37. Kxc1 Rxc5+ 38. dxc5 Kb7 39.
Kc2 Kc6 40. b3 Kxc5 41. Kc3 d4+ 42. Kd2 Kb4 43. Kc2 d3+ 0-1

[Event "CYCC U18"]
[Site "Quebec CAN"]
[Date "2018.07.05"]
[Round "7.2"]
[White "Bremner, William"]
[Black "Simoneau, Michael"]
[Result "1-0"]
[WhiteElo "1889"]
[BlackElo "1527"]
[PlyCount "111"]
[EventDate "2018.07.02"]
[EventType "swiss"]
[EventRounds "7"]
[EventCountry "CAN"]

1. d4 e6 2. c4 Nf6 3. g3 d5 4. Nf3 b6 5. cxd5 exd5 6. Bg2 Nbd7 7. O-O Bd6 8.
Nc3 c6 9. Qc2 O-O 10. Nh4 Bb7 11. Nf5 Bc7 12. Rd1 Re8 13. e3 Nf8 14. b3 Ne6 15.
Ba3 g6 16. Nh4 Bd6 17. Bb2 Ng5 18. Nf3 Nge4 19. Nxe4 Nxe4 20. Rac1 Rc8 21. a3
Qe7 22. b4 Ba6 23. Ne5 f5 24. Qa4 Bxe5 25. dxe5 Bb5 26. Qb3 Qe6 27. f3 Ng5 28.
Rd2 Bc4 29. Qc3 c5 30. bxc5 Rxc5 31. Qd4 Rec8 32. Rdc2 Nf7 33. e4 dxe4 34. fxe4
Rd8 35. exf5 gxf5 36. Qf4 b5 37. a4 a6 38. Bd4 Rc7 39. axb5 axb5 40. Bh3 Nh6
41. Qg5+ Rg7 42. Qxd8+ Kf7 43. Qd6 Rg8 44. Bf1 Rc8 45. Qxe6+ Kxe6 46. Bxc4+
Rxc4 47. Rxc4 bxc4 48. Rxc4 Kd5 49. Ra4 Nf7 50. h4 Nd8 51. Ba1 Nf7 52. Ra7 Ke6
53. Kf2 h6 54. Kf3 h5 55. Rxf7 Kxf7 56. Kf4 1-0

[Event "CYCC U18"]
[Site "Quebec CAN"]
[Date "2018.07.05"]
[Round "7.3"]
[White "Saine, Zachary"]
[Black "Tran, Dennis"]
[Result "1-0"]
[WhiteElo "2001"]
[BlackElo "1483"]
[PlyCount "55"]
[EventDate "2018.07.02"]
[EventType "swiss"]
[EventRounds "7"]
[EventCountry "CAN"]

1. e4 d5 2. exd5 Nf6 3. Nc3 Bg4 4. Be2 Bxe2 5. Ngxe2 Nxd5 6. O-O Nc6 7. d4 e6
8. Nxd5 Qxd5 9. b3 Qh5 10. Bb2 Bd6 11. h3 O-O 12. Qd2 Rad8 13. Rac1 Nxd4 14.
Nxd4 Qe5 15. f4 Qc5 16. Qc3 Qxc3 17. Bxc3 Bc5 18. Rcd1 Rd7 19. Rd2 Rfd8 20.
Rfd1 b5 21. Kf1 b4 22. Ba1 f6 23. Ke2 e5 24. fxe5 fxe5 25. Ne6 Rxd2+ 26. Rxd2
Rxd2+ 27. Kxd2 Bd6 28. Nd8 1-0

[Event "CYCC U18"]
[Site "Quebec CAN"]
[Date "2018.07.05"]
[Round "7.5"]
[White "Puri, Aryan"]
[Black "Horner, Blake"]
[Result "1/2-1/2"]
[WhiteElo "964"]
[BlackElo "1318"]
[PlyCount "95"]
[EventDate "2018.07.02"]
[EventType "swiss"]
[EventRounds "7"]
[EventCountry "CAN"]

1. e4 c5 2. Nf3 d6 3. c3 Nf6 4. Be2 Nc6 5. Qc2 e5 6. Bc4 h6 7. d3 Be7 8. Bb5
O-O 9. Bxc6 bxc6 10. d4 cxd4 11. cxd4 exd4 12. Nxd4 Bb7 13. Nc3 Rc8 14. Bf4 Ng4
15. Qe2 Qd7 16. h3 Ne5 17. Nf5 Bg5 18. Bxg5 hxg5 19. h4 g4 20. Rd1 d5 21. Qe3
Qe6 22. Qg5 Qf6 23. Qxf6 gxf6 24. Ne7+ Kh7 25. Nxc8 Rxc8 26. exd5 Ba6 27. b3
Nd3+ 28. Rxd3 Bxd3 29. Kd2 Bf5 30. Re1 cxd5 31. Rc1 Be6 32. Ne2 Ra8 33. Rc7 Kg8
34. Nf4 Bf5 35. a3 a5 36. Nxd5 Rd8 37. Rc5 Be4 38. Kc3 Rxd5 39. Rxd5 Bxd5 40.
g3 Bc6 41. Kc4 Kh7 42. Kc5 Bd7 43. b4 axb4 44. axb4 Kg6 45. b5 Bxb5 46. Kxb5 f5
47. Kc5 f4 48. Kd4 1/2-1/2

[Event "CYCC U18 tiebreak"]
[Site "Quebec CAN"]
[Date "2018.07.05"]
[Round "2"]
[White "Zhu, Brandon"]
[Black "Bremner, William"]
[Result "1-0"]
[WhiteElo "2007"]
[BlackElo "1889"]
[PlyCount "57"]
[EventDate "2018.07.05"]
[EventType "tourn (rapid)"]
[EventRounds "3"]
[EventCountry "CAN"]

1. Nf3 d5 2. e3 Nf6 3. c4 c6 4. Nc3 e6 5. b3 Bd6 6. Bb2 O-O 7. Qc2 b6 8. Rg1
Qe7 9. g4 Bb7 10. Bd3 g6 11. h4 Na6 12. g5 Nb4 13. Qb1 Nxd3+ 14. Qxd3 Nh5 15.
cxd5 cxd5 16. Nb5 Bb8 17. Ba3 Qd7 18. Bxf8 Kxf8 19. Nc3 Bd6 20. Qd4 Kg8 21. Ne5
Qc7 22. Ng4 e5 23. Qd3 d4 24. Nb5 Qd7 25. Nxd6 Qxd6 26. Rc1 Re8 27. Qc4 dxe3
28. Nh6+ Kg7 29. Qxf7+ 1-0

[Event "Calgary int."]
[Site "Calgary CAN"]
[Date "2018.08.14"]
[Round "1.1"]
[White "Mikhalevski, Victor"]
[Black "Kostadinov, Georgi"]
[Result "1-0"]
[WhiteElo "2560"]
[BlackElo "2052"]
[PlyCount "55"]
[EventDate "2018.08.14"]
[EventType "swiss"]
[EventRounds "9"]
[EventCountry "CAN"]
[Source "Mark Crowther"]
[SourceDate "2018.08.20"]

1. Nf3 d5 2. g3 c5 3. Bg2 Nf6 4. O-O Nc6 5. d4 e6 6. c4 cxd4 7. Nxd4 Bc5 8.
Nxc6 bxc6 9. Qc2 Bb6 10. Nc3 O-O 11. Na4 Ba6 12. b3 Qe7 13. Bb2 Rfc8 14. Rac1
Ba5 15. Rfd1 Bb4 16. e3 Rab8 17. Be5 Bd6 18. Bxd6 Qxd6 19. Qc3 Qb4 20. Qxb4
Rxb4 21. Nc5 Rb6 22. Bf1 dxc4 23. e4 g6 24. a4 cxb3 25. Bxa6 Rcb8 26. f3 g5 27.
g4 Kg7 28. Rb1 1-0

[Event "Calgary int."]
[Site "Calgary CAN"]
[Date "2018.08.14"]
[Round "1.2"]
[White "Abdelrhman, Hamid"]
[Black "Khachiyan, Melikset"]
[Result "1/2-1/2"]
[WhiteElo "2014"]
[BlackElo "2525"]
[PlyCount "74"]
[EventDate "2018.08.14"]
[EventType "swiss"]
[EventRounds "9"]
[EventCountry "CAN"]
[Source "Mark Crowther"]
[SourceDate "2018.08.20"]

1. g3 d5 2. Bg2 Nf6 3. Nf3 g6 4. O-O Bg7 5. d3 O-O 6. c3 Nc6 7. d4 Ne4 8. Bf4
f6 9. Qb3 Na5 10. Qd1 Nc4 11. Nfd2 Nexd2 12. Nxd2 g5 13. Bxc7 Qd7 14. Nxc4 Qxc7
15. Nd2 Be6 16. e4 dxe4 17. Bxe4 f5 18. Bg2 Bf7 19. Nf3 Bf6 20. Re1 Rad8 21.
Ne5 Bxe5 22. Rxe5 Qxe5 23. dxe5 Rxd1+ 24. Rxd1 Bxa2 25. Rd7 Kf7 26. f4 gxf4 27.
gxf4 Rg8 28. Kf2 Be6 29. Rd4 b6 30. Bf3 Rc8 31. Ke3 a5 32. Bh5+ Kg7 33. Bf3 b5
34. Be2 Rb8 35. Bf3 Kf7 36. Bh5+ Kf8 37. Bf3 Kf7 1/2-1/2

[Event "Calgary int."]
[Site "Calgary CAN"]
[Date "2018.08.14"]
[Round "1.3"]
[White "Hambleton, Aman"]
[Black "Zhao, Ian"]
[Result "1-0"]
[WhiteElo "2497"]
[BlackElo "1981"]
[PlyCount "45"]
[EventDate "2018.08.14"]
[EventType "swiss"]
[EventRounds "9"]
[EventCountry "CAN"]
[Source "Mark Crowther"]
[SourceDate "2018.08.20"]

1. d4 Nf6 2. Bf4 g6 3. Nc3 d5 4. e3 Bg7 5. h4 O-O 6. h5 Nxh5 7. Rxh5 gxh5 8.
Qxh5 e6 9. Bd3 f5 10. Qh2 Na6 11. Bxa6 bxa6 12. Bxc7 Qd7 13. Nf3 Bb7 14. O-O-O
Rac8 15. Be5 Bxe5 16. Nxe5 Qg7 17. g4 fxg4 18. Rg1 Rf5 19. Nxg4 Kh8 20. Ne5 Qc7
21. Ng6+ Kg7 22. Ne7+ Kh8 23. Qxc7 1-0

[Event "Calgary int."]
[Site "Calgary CAN"]
[Date "2018.08.14"]
[Round "1.4"]
[White "Kondakov, Adrian"]
[Black "Zierk, Steven"]
[Result "0-1"]
[WhiteElo "1948"]
[BlackElo "2491"]
[PlyCount "98"]
[EventDate "2018.08.14"]
[EventType "swiss"]
[EventRounds "9"]
[EventCountry "CAN"]
[Source "Mark Crowther"]
[SourceDate "2018.08.20"]

1. e4 e6 2. d4 d5 3. Nc3 Bb4 4. e5 c5 5. a3 Bxc3+ 6. bxc3 Qa5 7. Bd2 Qa4 8. Qg4
Kf8 9. Nf3 Qxc2 10. Rc1 Qg6 11. Qxg6 hxg6 12. c4 Ne7 13. cxd5 Nxd5 14. Rxc5 Nc6
15. Bb5 Bd7 16. O-O f6 17. Rfc1 Kf7 18. Bc4 Nce7 19. Bd3 Bc6 20. Be3 Nf5 21.
Be4 Rad8 22. g4 Nh4 23. Bxd5 Rxd5 24. Nd2 Rxc5 25. Rxc5 g5 26. f4 f5 27. Bf2
fxg4 28. Bxh4 gxh4 29. Nc4 g6 30. Nd6+ Kf8 31. Kf2 g3+ 32. hxg3 h3 33. Rxc6
bxc6 34. Kg1 h2+ 35. Kh1 Rh3 36. Ne4 Ke7 37. a4 a5 38. Nc5 Rxg3 39. Kxh2 Rc3
40. Nb7 Rc4 41. Nxa5 Rxa4 42. Nb3 Ra2+ 43. Kg1 Rb2 44. Na5 Kd7 45. Nc4 Rb4 46.
Ne3 Rxd4 47. Ng2 g5 48. fxg5 Rg4 49. Kf2 Rxg5 0-1

[Event "Calgary int."]
[Site "Calgary CAN"]
[Date "2018.08.14"]
[Round "1.5"]
[White "Sevillano, Enrico"]
[Black "Chandra, Anand Rishi"]
[Result "1-0"]
[WhiteElo "2458"]
[BlackElo "1889"]
[PlyCount "87"]
[EventDate "2018.08.14"]
[EventType "swiss"]
[EventRounds "9"]
[EventCountry "CAN"]
[Source "Mark Crowther"]
[SourceDate "2018.08.20"]

1. e4 e5 2. Nf3 Nc6 3. d4 exd4 4. Nxd4 Bc5 5. Be3 Bb6 6. Nc3 Nge7 7. g3 d6 8.
Bg2 Bd7 9. O-O O-O 10. h3 Kh8 11. Kh2 f5 12. exf5 Bxd4 13. Bxd4 Nxf5 14. Ne2
Ncxd4 15. Nxd4 Qf6 16. Nxf5 Qxf5 17. f4 Rae8 18. Rf2 Qc5 19. Qd2 b6 20. Re1
Rxe1 21. Qxe1 Bb5 22. b4 Qd4 23. c3 Qf6 24. Rf3 Re8 25. Re3 Qf7 26. a3 Rxe3 27.
Qxe3 Qe8 28. Qf3 c6 29. Qg4 d5 30. Qf5 Kg8 31. g4 g6 32. Qf6 Qf7 33. Qe5 Bd3
34. Kg3 h5 35. gxh5 gxh5 36. Kh4 Be4 37. Bxe4 dxe4 38. Qxe4 Qf6+ 39. Kxh5 Qxc3
40. Qe8+ Kh7 41. Qe7+ Kg8 42. Kg6 Qg3+ 43. Qg5 Qd3+ 44. Kf6+ 1-0

[Event "Calgary int."]
[Site "Calgary CAN"]
[Date "2018.08.14"]
[Round "1.7"]
[White "Findlay, Ian"]
[Black "Timmerman, Brian"]
[Result "1-0"]
[WhiteElo "2263"]
[BlackElo "1778"]
[PlyCount "79"]
[EventDate "2018.08.14"]
[EventType "swiss"]
[EventRounds "9"]
[EventCountry "CAN"]
[Source "Mark Crowther"]
[SourceDate "2018.08.20"]

1. e4 c5 2. Nf3 e6 3. d4 cxd4 4. Nxd4 Nc6 5. Nc3 Qc7 6. Be2 Nf6 7. O-O Be7 8.
Be3 d6 9. f4 O-O 10. Kh1 Nxd4 11. Qxd4 e5 12. Qd3 b6 13. Rfd1 a6 14. a4 Bb7 15.
Rac1 Rfd8 16. Nd5 Nxd5 17. exd5 exf4 18. Bxf4 Bf6 19. c3 g6 20. b4 Bc8 21. c4
Bf5 22. Qb3 Qe7 23. Bf1 Re8 24. Bg3 Be5 25. c5 bxc5 26. bxc5 Bxg3 27. Qxg3 dxc5
28. d6 Qd7 29. Qa3 Re4 30. a5 Rd4 31. Qxc5 Rxd1 32. Rxd1 Rc8 33. Qd4 Rc6 34. h3
h5 35. Kg1 Kh7 36. Bc4 Be6 37. Bxe6 fxe6 38. Kh1 Kg8 39. Qf6 Kh7 40. Qe7+ 1-0

[Event "Calgary int."]
[Site "Calgary CAN"]
[Date "2018.08.14"]
[Round "1.8"]
[White "Vasic, Maxim"]
[Black "Arruebarrena, Rafael"]
[Result "1/2-1/2"]
[WhiteElo "1726"]
[BlackElo "2256"]
[PlyCount "129"]
[EventDate "2018.08.14"]
[EventType "swiss"]
[EventRounds "9"]
[EventCountry "CAN"]
[Source "Mark Crowther"]
[SourceDate "2018.08.20"]

1. d4 Nf6 2. c4 g6 3. Nc3 d5 4. cxd5 Nxd5 5. Bd2 Bg7 6. e4 Nb6 7. Be3 O-O 8.
Qd2 Nc6 9. O-O-O Qd7 10. Bh6 Bxh6 11. Qxh6 Nxd4 12. Nf3 e5 13. Nxe5 Qe7 14. f4
c5 15. h4 f6 16. Nc4 Be6 17. Ne3 Qg7 18. Qxg7+ Kxg7 19. g4 Rfe8 20. Bh3 Rad8
21. g5 fxg5 22. hxg5 Nc4 23. Nxc4 Bxc4 24. f5 gxf5 25. exf5 Re5 26. Bg2 Rxf5
27. Be4 Rxg5 28. Rxh7+ Kf6 29. Bxb7 Re5 30. b3 Ne2+ 31. Nxe2 Rxd1+ 32. Kxd1
Bxe2+ 33. Kd2 Bf1 34. Ba6 Bxa6 35. Rh6+ Ke7 36. Rxa6 Rd5+ 37. Kc3 Rd7 38. Kc4
Rc7 39. Kd5 Kd7 40. Rd6+ Ke8 41. Rc6 Rg7 42. Rc8+ Kd7 43. Ra8 Rg5+ 44. Kc4 Kc6
45. Rxa7 Rg4+ 46. Kc3 Kb5 47. a4+ Kb6 48. Rd7 Kc6 49. Rd3 Rh4 50. Rg3 Rf4 51.
Rg6+ Kb7 52. Re6 Rh4 53. Kd3 Rg4 54. Re4 Rg6 55. Kc4 Kc6 56. Rh4 Rf6 57. a5 Rg6
58. a6 Kb6 59. a7 Kxa7 60. Kxc5 Kb7 61. Rh7+ Kb8 62. Rd7 Rg3 63. b4 Rg6 64. Rd6
Rxd6 65. Kxd6 1/2-1/2

[Event "Calgary int."]
[Site "Calgary CAN"]
[Date "2018.08.14"]
[Round "1.9"]
[White "Haessel, Dale"]
[Black "Caluza, Juni"]
[Result "1-0"]
[WhiteElo "2164"]
[BlackElo "1699"]
[PlyCount "77"]
[EventDate "2018.08.14"]
[EventType "swiss"]
[EventRounds "9"]
[EventCountry "CAN"]
[Source "Mark Crowther"]
[SourceDate "2018.08.20"]

1. d4 g6 2. c4 d6 3. Nf3 Nf6 4. Nc3 Bg7 5. e4 O-O 6. Be2 Nc6 7. O-O e5 8. d5
Nb8 9. Ne1 a5 10. Nd3 Na6 11. Be3 h6 12. a3 c5 13. b4 axb4 14. axb4 cxb4 15.
Nxb4 Bd7 16. Nxa6 Rxa6 17. Rxa6 bxa6 18. Qd2 Qa5 19. Qb2 Qc7 20. Qa3 Ra8 21.
Rb1 Bf8 22. f3 Qc8 23. Rb6 Ne8 24. Na2 Kg7 25. Nb4 a5 26. Nc6 Bxc6 27. Rxc6 Qd7
28. Bd1 f5 29. exf5 Qxf5 30. Qc1 g5 31. Bc2 Qf7 32. Rb6 Qc7 33. Bd3 Nf6 34. Qb1
Qf7 35. Rb7 Nd7 36. Bf5 Rd8 37. Be6 Qe8 38. Qb5 Kh8 39. Rxd7 1-0

[Event "Calgary int."]
[Site "Calgary CAN"]
[Date "2018.08.14"]
[Round "1.10"]
[White "Wang, Paul"]
[Black "Zhou, David"]
[Result "0-1"]
[WhiteElo "1622"]
[BlackElo "2079"]
[PlyCount "72"]
[EventDate "2018.08.14"]
[EventType "swiss"]
[EventRounds "9"]
[EventCountry "CAN"]
[Source "Mark Crowther"]
[SourceDate "2018.08.20"]

1. e4 c5 2. Nf3 g6 3. d4 cxd4 4. Nxd4 Nf6 5. Nc3 Nc6 6. Be3 Bg7 7. Bc4 O-O 8.
O-O Nxe4 9. Nxe4 d5 10. Nxc6 bxc6 11. Bd3 dxe4 12. Bxe4 Qa5 13. c3 Rb8 14. Qc2
c5 15. Rfd1 Be6 16. Bf4 Rbc8 17. Bd5 Bg4 18. f3 Bf5 19. Be4 Be6 20. Bd5 Bf5 21.
Be4 Be6 22. Bd5 Bd7 23. Bg3 Ba4 24. b3 Bb5 25. Rac1 c4 26. Qe4 cxb3 27. Bxb3
Bf6 28. Be5 Bc6 29. Bd5 Bxe5 30. Bxc6 Qc5+ 31. Kh1 Rxc6 32. Rd5 Qa3 33. Rcd1
Bd6 34. g3 Rxc3 35. Kg2 Rd3 36. Qf4 Bxf4 0-1

[Event "Calgary int."]
[Site "Calgary CAN"]
[Date "2018.08.14"]
[Round "1.11"]
[White "Malek, O."]
[Black "Sharma, Vishruth"]
[Result "1-0"]
[WhiteElo "2071"]
[BlackElo "1582"]
[PlyCount "133"]
[EventDate "2018.08.14"]
[EventType "swiss"]
[EventRounds "9"]
[EventCountry "CAN"]
[Source "Mark Crowther"]
[SourceDate "2018.08.20"]

1. d4 Nf6 2. Bg5 e6 3. e4 Be7 4. e5 Nd5 5. Bxe7 Nxe7 6. Nf3 Nbc6 7. Bd3 d6 8.
O-O dxe5 9. dxe5 b6 10. Qe2 Bb7 11. Rd1 Qc8 12. Nc3 Nb4 13. Bb5+ c6 14. Ne4 O-O
15. Nd6 Qc7 16. Ba4 Nc8 17. Qe4 Nd5 18. Ng5 g6 19. Qh4 h5 20. c4 Nxd6 21. exd6
Qxd6 22. cxd5 cxd5 23. Ne4 Qd8 24. Qf4 Kg7 25. Nc3 Rc8 26. Bb5 a6 27. Be2 b5
28. a4 bxa4 29. Rxa4 Qb6 30. Rb4 Qc6 31. Qd4+ f6 32. Rb6 Qd7 33. Qb4 Rc7 34.
Bxa6 Bxa6 35. Rxa6 Rfc8 36. Qb6 Rc6 37. Qb5 Kh6 38. Rxc6 Qxc6 39. Qe2 Kg7 40.
h3 Kf7 41. Qe3 g5 42. Ra1 Qc4 43. Ra4 Qc5 44. Qe2 h4 45. Ra6 Rc6 46. Rxc6 Qxc6
47. Qd3 f5 48. Qd4 Qa8 49. Nb5 Qc6 50. Nc3 Qa8 51. Qd2 Qa1+ 52. Kh2 Qa5 53. Qe2
Qc7+ 54. Kg1 d4 55. Qh5+ Kf6 56. Qh8+ Qg7 57. Qxg7+ Kxg7 58. Nd1 Kf6 59. Kf1
Ke5 60. Ke2 Kd5 61. f3 Kc4 62. Kd2 e5 63. Nf2 Kb3 64. Nd3 e4 65. fxe4 fxe4 66.
Nc5+ Kxb2 67. Nxe4 1-0

[Event "Calgary int."]
[Site "Calgary CAN"]
[Date "2018.08.15"]
[Round "3.2"]
[White "Hambleton, Aman"]
[Black "Zhou, David"]
[Result "1-0"]
[WhiteElo "2497"]
[BlackElo "2079"]
[PlyCount "59"]
[EventDate "2018.08.14"]
[EventType "swiss"]
[EventRounds "9"]
[EventCountry "CAN"]
[Source "Mark Crowther"]
[SourceDate "2018.08.20"]

1. d4 Nf6 2. Bf4 d5 3. e3 e6 4. Nf3 Bd6 5. Bd3 Bxf4 6. exf4 O-O 7. Nbd2 b6 8.
Qe2 c5 9. c3 a5 10. O-O Ba6 11. Bxa6 Nxa6 12. Rfe1 Qc7 13. g3 Ne8 14. Nf1 Nd6
15. Ne3 Rfc8 16. h4 b5 17. h5 h6 18. f5 b4 19. fxe6 fxe6 20. c4 cxd4 21. Nxd4
Nxc4 22. Nxe6 Qe5 23. Qg4 Nxe3 24. Rxe3 Qxb2 25. Rae1 Rc4 26. Qf5 Rac8 27. Nc5
Rf8 28. Qxf8+ Kxf8 29. Nd7+ Kf7 30. Re7+ 1-0

[Event "Calgary int."]
[Site "Calgary CAN"]
[Date "2018.08.15"]
[Round "3.3"]
[White "Arruebarrena, Rafael"]
[Black "Khachiyan, Melikset"]
[Result "1/2-1/2"]
[WhiteElo "2256"]
[BlackElo "2525"]
[PlyCount "104"]
[EventDate "2018.08.14"]
[EventType "swiss"]
[EventRounds "9"]
[EventCountry "CAN"]
[Source "Mark Crowther"]
[SourceDate "2018.08.20"]

1. e4 e5 2. Nf3 Nc6 3. Bb5 f5 4. Nc3 fxe4 5. Nxe4 Nf6 6. Nxf6+ Qxf6 7. Qe2 Be7
8. Bxc6 dxc6 9. Nxe5 O-O 10. d4 Bd6 11. O-O Bf5 12. f4 Bxe5 13. dxe5 Qg6 14.
Rf2 Rad8 15. Be3 a5 16. Kh1 b6 17. h3 h5 18. Rd1 c5 19. Rd2 h4 20. Qd1 Rxd2 21.
Rxd2 Qg3 22. Qe2 Be6 23. a3 g5 24. Qh5 Kg7 25. Qxg5+ Qxg5 26. fxg5 Kg6 27. Kh2
Rf5 28. g4 Rf3 29. Bf2 Kxg5 30. Kg2 Rf8 31. Be3+ Kg6 32. Rf2 Bd5+ 33. Kf1 Rxf2+
34. Kxf2 a4 35. Bd2 c6 36. Ke3 Bg2 37. Kf4 Bxh3 38. Be1 Bg2 39. Bxh4 Bd5 40.
Bf2 Be6 41. Bh4 b5 42. Be7 c4 43. c3 Bg8 44. Bf6 Bh7 45. Bd8 Bg8 46. g5 Kf7 47.
Ke4 Bh7+ 48. Kd4 Ke6 49. Bf6 Bg6 50. Kc5 Be8 51. Kb6 Kd7 52. Kc5 Ke6 1/2-1/2

[Event "Calgary int."]
[Site "Calgary CAN"]
[Date "2018.08.16"]
[Round "4.1"]
[White "Zierk, Steven"]
[Black "Hambleton, Aman"]
[Result "1-0"]
[WhiteElo "2491"]
[BlackElo "2497"]
[PlyCount "95"]
[EventDate "2018.08.14"]
[EventType "swiss"]
[EventRounds "9"]
[EventCountry "CAN"]
[Source "Mark Crowther"]
[SourceDate "2018.08.20"]

1. e4 c5 2. Nf3 e6 3. d4 cxd4 4. Nxd4 Nc6 5. Nc3 Qc7 6. Be3 a6 7. Qf3 b5 8.
Nxc6 Qxc6 9. Bd3 Bb7 10. Qg3 h5 11. h4 Nf6 12. f3 Rc8 13. e5 Qc7 14. Bf2 b4 15.
Nb1 Nd5 16. Nd2 g6 17. Ne4 Bh6 18. Nd6+ Ke7 19. Bd4 Bf4 20. Qf2 f6 21. Nxc8+
Rxc8 22. exf6+ Kf7 23. Qe2 Bg3+ 24. Kf1 Nf4 25. Qd2 e5 26. Bf2 Bxf2 27. Kxf2
Qb6+ 28. Kf1 Qd4 29. Rd1 Kxf6 30. Rh2 a5 31. Bb5 Qxd2 32. Rxd2 d5 33. g3 Ne6
34. Bd7 Rc5 35. Bxe6 Kxe6 36. Ke1 Kd6 37. g4 Rc4 38. Rdg2 Rf4 39. gxh5 gxh5 40.
Rg6+ Kc5 41. Rg5 Kd6 42. Rxh5 Rxf3 43. Rg5 e4 44. h5 Kc5 45. h6 Ba6 46. Rg1 e3
47. h7 e2 48. Rhh1 1-0

[Event "Calgary int."]
[Site "Calgary CAN"]
[Date "2018.08.16"]
[Round "4.2"]
[White "Zhou, David"]
[Black "Mikhalevski, Victor"]
[Result "0-1"]
[WhiteElo "2079"]
[BlackElo "2560"]
[PlyCount "62"]
[EventDate "2018.08.14"]
[EventType "swiss"]
[EventRounds "9"]
[EventCountry "CAN"]
[Source "Mark Crowther"]
[SourceDate "2018.08.20"]

1. c4 Nf6 2. g3 e6 3. Bg2 d5 4. Nf3 dxc4 5. O-O b5 6. a4 b4 7. Ne5 Nd5 8. Nxc4
c5 9. b3 Be7 10. Bb2 O-O 11. d3 Bb7 12. Nbd2 Nc6 13. Nf3 Bf6 14. d4 Nc3 15.
Bxc3 bxc3 16. dxc5 Nb4 17. Nd6 Bc6 18. e4 Qa5 19. e5 Qxc5 20. Nxf7 Rxf7 21.
exf6 Rxf6 22. Rc1 Bxf3 23. Bxf3 Raf8 24. Be4 Rxf2 25. Rxf2 Qxf2+ 26. Kh1 Qe3
27. Qe1 Qxe1+ 28. Rxe1 Rf2 29. Re3 c2 30. Bxc2 Nxc2 31. Rxe6 Nd4 0-1

[Event "Calgary int."]
[Site "Calgary CAN"]
[Date "2018.08.16"]
[Round "4.3"]
[White "Khachiyan, Melikset"]
[Black "Findlay, Ian"]
[Result "1-0"]
[WhiteElo "2525"]
[BlackElo "2263"]
[PlyCount "109"]
[EventDate "2018.08.14"]
[EventType "swiss"]
[EventRounds "9"]
[EventCountry "CAN"]
[Source "Mark Crowther"]
[SourceDate "2018.08.20"]

1. e4 c5 2. Nc3 Nc6 3. Bb5 Nd4 4. Nf3 a6 5. Bd3 g6 6. Nxd4 cxd4 7. Ne2 Bg7 8.
c3 dxc3 9. dxc3 d6 10. O-O Nf6 11. h3 O-O 12. Nd4 e5 13. Nc2 d5 14. exd5 Nxd5
15. Bc4 Be6 16. Qf3 Nb4 17. Nxb4 Bxc4 18. Rd1 Qe7 19. Nd5 Bxd5 20. Rxd5 Rad8
21. Be3 e4 22. Qd1 Rxd5 23. Qxd5 Rd8 24. Qb3 Be5 25. Rd1 Kg7 26. Bd4 Bxd4 27.
cxd4 f5 28. d5 Rd7 29. Qc3+ Qf6 30. Rd4 Qe5 31. d6 Kh6 32. Qd2+ Kg7 33. Rd5 Qf6
34. g4 fxg4 35. hxg4 Qe6 36. Qd4+ Kf7 37. g5 Qg4+ 38. Kf1 Qh3+ 39. Ke1 Qh1+ 40.
Kd2 Qf3 41. Kc1 Qf4+ 42. Kc2 Qf3 43. a4 Qd3+ 44. Qxd3 exd3+ 45. Kxd3 Ke6 46.
Kd4 Rxd6 47. Rxd6+ Kxd6 48. a5 Ke6 49. Ke4 Kd6 50. f3 Ke6 51. f4 Kd6 52. Kd4
Ke6 53. Kc5 Kd7 54. Kd5 Ke7 55. Ke5 1-0

[Event "Calgary int."]
[Site "Calgary CAN"]
[Date "2018.08.16"]
[Round "5.1"]
[White "Mikhalevski, Victor"]
[Black "Khachiyan, Melikset"]
[Result "1/2-1/2"]
[WhiteElo "2560"]
[BlackElo "2525"]
[PlyCount "59"]
[EventDate "2018.08.14"]
[EventType "swiss"]
[EventRounds "9"]
[EventCountry "CAN"]
[Source "Mark Crowther"]
[SourceDate "2018.08.20"]

1. d4 d5 2. c4 c6 3. cxd5 cxd5 4. Bg5 h6 5. Bh4 Nc6 6. Nc3 g5 7. Bg3 Bg7 8. e3
Nf6 9. Nf3 O-O 10. Bd3 Bg4 11. h4 Re8 12. hxg5 hxg5 13. Qb3 Bxf3 14. gxf3 e5
15. dxe5 Nxe5 16. O-O-O Nxd3+ 17. Rxd3 Qc8 18. Kb1 Qf5 19. Nxd5 Qxf3 20. Nxf6+
Bxf6 21. Qd5 Re4 22. Rhd1 Rd8 23. Qb3 Rxd3 24. Rxd3 Re6 25. Rd7 Qe4+ 26. Qc2
Qh1+ 27. Qd1 Qe4+ 28. Qd3 Qh1+ 29. Qd1 Qe4+ 30. Qd3 1/2-1/2

[Event "Calgary int."]
[Site "Calgary CAN"]
[Date "2018.08.16"]
[Round "5.2"]
[White "Sevillano, Enrico"]
[Black "Zierk, Steven"]
[Result "0-1"]
[WhiteElo "2458"]
[BlackElo "2491"]
[PlyCount "118"]
[EventDate "2018.08.14"]
[EventType "swiss"]
[EventRounds "9"]
[EventCountry "CAN"]
[Source "Mark Crowther"]
[SourceDate "2018.08.20"]

1. d4 d5 2. Nf3 Nf6 3. c3 e6 4. Bf4 c5 5. e3 Bd6 6. Bxd6 Qxd6 7. Nbd2 Nbd7 8.
Be2 O-O 9. O-O b6 10. Re1 e5 11. dxe5 Nxe5 12. e4 Bb7 13. Nxe5 Qxe5 14. exd5
Bxd5 15. Bf3 Qf5 16. Bxd5 Nxd5 17. Nc4 Rad8 18. Re5 Qd7 19. Qf3 Nf6 20. h3 h6
21. a4 Rfe8 22. Rxe8+ Qxe8 23. Rd1 Rxd1+ 24. Qxd1 Qe6 25. Ne3 Qa2 26. Qc2 Qe6
27. Qd1 g6 28. b3 Ne4 29. Qd3 Kg7 30. Nd5 Nd6 31. Ne3 Kf8 32. f3 h5 33. Kf2 h4
34. Qd5 Ke7 35. Qc6 Kf8 36. Qa8+ Kg7 37. Qd5 Qe7 38. b4 cxb4 39. cxb4 Qf6 40.
Kg1 Qf4 41. Qd2 Qe5 42. Kf2 f5 43. Nd5 Kf7 44. Nc3 g5 45. Ne2 f4 46. Nc3 Ke6
47. Qa2+ Kd7 48. Qd2 Kc6 49. Qd3 a5 50. b5+ Kc5 51. Ne4+ Nxe4+ 52. fxe4 Kb4 53.
Qd5 Qxd5 54. exd5 Kc5 55. Kf3 Kxd5 56. Kg4 Kc4 57. Kxg5 Kb4 58. Kxh4 Kxa4 59.
g4 fxg3 0-1